L'EFFET DU PLAILLAGE PLASTIQUE SUR LE BROCOLI CHINOIS A` LA STATION EXPERIMENTALE DE L'UNIVERSITE D'AGRICULTURE. (Record no. 1565)
[ view plain ]
| 000 -LEADER | |
|---|---|
| fixed length control field | 00475nam a22001577a 4500 |
| 003 - CONTROL NUMBER IDENTIFIER | |
| control field | OSt |
| 005 - DATE AND TIME OF LATEST TRANSACTION | |
| control field | 20151001101937.0 |
| 008 - FIXED-LENGTH DATA ELEMENTS--GENERAL INFORMATION | |
| fixed length control field | 151001b xxu||||| |||| 00| 0 eng d |
| 040 ## - CATALOGING SOURCE | |
| Transcribing agency | RUA |
| 082 ## - DEWEY DECIMAL CLASSIFICATION NUMBER | |
| Classification number | AGR SA 2005 B062 Or.1 |
| 100 ## - MAIN ENTRY--PERSONAL NAME | |
| 9 (RLIN) | 1658 |
| Personal name | SA, KENNVIDY. |
| 245 ## - TITLE STATEMENT | |
| Title | L'EFFET DU PLAILLAGE PLASTIQUE SUR LE BROCOLI CHINOIS A` LA STATION EXPERIMENTALE DE L'UNIVERSITE D'AGRICULTURE. |
| 260 ## - PUBLICATION, DISTRIBUTION, ETC. (IMPRINT) | |
| Place of publication, distribution, etc. | phnom phen |
| Name of publisher, distributor, etc. | RUA |
| Date of publication, distribution, etc. | 2005 |
| 300 ## - PHYSICAL DESCRIPTION | |
| Extent | V,41p. |
| Other physical details | ill. |
| Dimensions | 29cmm. |
| 942 ## - ADDED ENTRY ELEMENTS (KOHA) | |
| Source of classification or shelving scheme | |
| Koha item type | AGR |
| Price effective from | Date last seen | Permanent Location | Not for loan | Date acquired | Source of classification or shelving scheme | Koha item type | Barcode | Lost status | Damaged status | Shelving location | Withdrawn status | Current Location | Full call number |
|---|---|---|---|---|---|---|---|---|---|---|---|---|---|
| 2015-10-01 | 2015-10-01 | Library Block B | 2015-10-01 | AGR | RUA003246 | B062 | Library Block B | AGR SA 2005 B062 Or.1 | |||||
| 2015-10-01 | 2015-10-01 | Library Block B | 2015-10-01 | AGR | RUA003318 | B062 | Library Block B | AGR SA 2005 B062 Or.2 | |||||
| 2015-10-01 | 2015-10-01 | Library Block B | 2015-10-01 | AGR | RUA003234 | B062 | Library Block B | AGR SA 2005 B062 Or.3 | |||||
| 2015-10-01 | 2015-10-01 | Library Block B | 2015-10-01 | AGR | RUA003090 | B062 | Library Block B | AGR SA 2005 B062 Or.4 | |||||
| 2015-10-01 | 2015-10-01 | Library Block B | 2015-10-01 | AGR | RUA003132 | B062 | Library Block B | AGR SAR 2005 B062 Or.5 | |||||
| 2015-10-01 | 2015-10-01 | Library Block B | 2015-10-01 | AGR | RUA003276 | B062 | Library Block B | AGR SA 2005 B062 Or.6 |